LEADER 01413nas 22003973a 450 001 9910648496103321 005 20240413023907.0 011 $a2583-7583 035 $a(CKB)110978984564369 035 $a(CONSER)--2001358500 035 $a(EXLCZ)99110978984564369 100 $a20010821a20019999 --- - 101 0 $aeng 181 $ctxt$2rdacontent 182 $cc$2rdamedia 183 $acr$2rdacarrier 200 04$aThe Indian journal of anumal reproduction $eofficial organ of the Indian Society for the Study of Animal Reproduction 210 $aChennai $cThe Society$d2001- 215 $a1 online resource 300 $aRefereed/Peer-reviewed 300 $aTitle from cover. 311 $aPrint version: Indian journal of animal reproduction (Madras, India) (DLC)--2001358500 (OCoLC)47812710 0970-2997 531 $aINDIAN JOURNAL OF ANIMAL REPRODUCTION 531 $aTHE INDIAN JOURNAL OF ANUMAL REPRODUCTION 606 $areproduction$vPeriodicals 606 $aVeterinary gynecology$vPeriodicals 606 $aVeterinary obstetrics$vPeriodicals 615 3$areproduction 615 3$aVeterinary gynecology 615 3$aVeterinary obstetrics 712 02$aIndian Society for the Study of Animal Reproduction. 906 $aJOURNAL 912 $a9910648496103321 920 $aexl_impl conversion 996 $aThe Indian journal of anumal reproduction$93032135 997 $aUNINA